000 00722nam 22002053 4500
001 201953
010 _a3-925203-09-5
010 _a3-927884-00-6
090 _a201953
100 _a20260424d u||y0pory50 ba
200 _aA imagem da cidade na poesia moderna : Cesário Verde e Fernando Pessoa
_fRosa Maria Sequeira
210 _aSchönberger
_cTFM, Frankfurt am Main
_d1990
215 _a190 p.
_cbrochado
_d21 cm
225 _aSuplementos de Lusorama/segunda série, estudos sobre as literaturas de Portugal e do Brasil
_v1
606 _93661
_aCrítica Literária.Estudos Literários
675 _a82.09
_vDE
_zpor
700 _917187
_aSequeira
_bRosa Maria
_f1958-
801 _aPT
_bBMMN
_gRPC
830 _cVanda
990 _cLIVROS